000 00342nam a2200145Ia 4500
008 150201s2004 xx 000 0 und d
082 _a617
_bS04K
100 _aKILPADI,ARUN B
245 _aSHORT NOTES IN SURGERY FOR UG
250 _a1ST
260 _bJAYPEE BROTHERS
_aDELHI
_c2004
300 _a1-196
650 _aSURGERY
942 _2ddc
_cBK
999 _c156
_d156